<?xml version="1.0" encoding="UTF-8"?><?xml-stylesheet type="text/xsl" href="static/style.xsl"?><OAI-PMH xmlns="http://www.openarchives.org/OAI/2.0/" xmlns:xsi="http://www.w3.org/2001/XMLSchema-instance" xsi:schemaLocation="http://www.openarchives.org/OAI/2.0/ http://www.openarchives.org/OAI/2.0/OAI-PMH.xsd"><responseDate>2026-04-13T02:26:08Z</responseDate><request verb="GetRecord" identifier="oai:www.recercat.cat:2117/107886" metadataPrefix="marc">https://recercat.cat/oai/request</request><GetRecord><record><header><identifier>oai:recercat.cat:2117/107886</identifier><datestamp>2025-07-17T08:54:08Z</datestamp><setSpec>com_2072_1033</setSpec><setSpec>col_2072_452950</setSpec></header><metadata><record xmlns="http://www.loc.gov/MARC21/slim" xmlns:dcterms="http://purl.org/dc/terms/" xmlns:xsi="http://www.w3.org/2001/XMLSchema-instance" xmlns:doc="http://www.lyncode.com/xoai" xsi:schemaLocation="http://www.loc.gov/MARC21/slim http://www.loc.gov/standards/marcxml/schema/MARC21slim.xsd">
   <leader>00925njm 22002777a 4500</leader>
   <datafield ind2=" " ind1=" " tag="042">
      <subfield code="a">dc</subfield>
   </datafield>
   <datafield ind2=" " ind1=" " tag="720">
      <subfield code="a">Morales Morante, Luís Fernando</subfield>
      <subfield code="e">author</subfield>
   </datafield>
   <datafield ind2=" " ind1=" " tag="720">
      <subfield code="a">Mas Manchón, Lluís</subfield>
      <subfield code="e">author</subfield>
   </datafield>
   <datafield ind2=" " ind1=" " tag="720">
      <subfield code="a">Tous Liesa, Rubén</subfield>
      <subfield code="e">author</subfield>
   </datafield>
   <datafield ind2=" " ind1=" " tag="260">
      <subfield code="c">2016-01-01</subfield>
   </datafield>
   <datafield ind2=" " ind1=" " tag="520">
      <subfield code="a">The changes in the information technologies of the last two decades, represented by the democratization of the Internet and the availability of portable and intelligent handhelds, is associated with new business, communication and communicative models. The high service capacities of today's smartphones have enabled a two-way dynamic processing of great amounts of content. The users gather in virtual communities and become both consumers and producers of information: prosumers. These contents come from or are allocated in the cloud or other platforms, and spread rapidly through the net. In this paper, the evolution of information fluxes is analyzed in three phases of the Information Society or Net Society, and the theory around user-generated content and media convergence is discussed. Each phase is represented in a cyclical model articulating data dealing, the new roles of users and the impact of technology. On the basis of these models, news discourses and content may be anticipated for various purposes. A flow model based on algorithms determined by the personal preferences of users is finally proposed.</subfield>
   </datafield>
   <datafield ind2=" " ind1=" " tag="520">
      <subfield code="a">Los cambios en las tecnologías de la información en las últimas décadas, representados por la democratización de Internet y la disponibilidad de las computadoras portátiles y dispositivos inteligentes están asociados con nuevos negocios y modelos comunicativos. La capacidad de los actuales teléfonos inteligentes facilita el procesamiento bidireccional y dinámico de grandes cantidades de contenidos. Los usuarios se agrupan en comunidades virtuales y se convierten en consumidores y productores: prosumidores. Estos contenidos se encuentran en la nube, en los medios de comunicación (plataformas), y se propagan rápidamente a través de la red. En este artículo se analiza la evolución de estos flujos de mensajes en el marco de las teorías que rodean el contenido generado por el usuario y la convergencia de medios. Se analiza también la naturaleza cíclica de la secuencia de datos, la evolución de los usuarios y la dependencia tecnológica para desarrollar y distribuir nuevos productos discursivos Se propone finalmente un modelo de flujos basado en algoritmos determinados por las preferencias personales de los usuarios.</subfield>
   </datafield>
   <datafield ind2=" " ind1=" " tag="520">
      <subfield code="a">Peer Reviewed</subfield>
   </datafield>
   <datafield ind2=" " ind1=" " tag="520">
      <subfield code="a">Postprint (author's final draft)</subfield>
   </datafield>
   <datafield tag="653" ind2=" " ind1=" ">
      <subfield code="a">Àrees temàtiques de la UPC::Informàtica::Aspectes socials</subfield>
   </datafield>
   <datafield tag="653" ind2=" " ind1=" ">
      <subfield code="a">Àrees temàtiques de la UPC::Informàtica::Aplicacions de la informàtica</subfield>
   </datafield>
   <datafield tag="653" ind2=" " ind1=" ">
      <subfield code="a">Smartphones</subfield>
   </datafield>
   <datafield tag="653" ind2=" " ind1=" ">
      <subfield code="a">User-generated content</subfield>
   </datafield>
   <datafield tag="653" ind2=" " ind1=" ">
      <subfield code="a">Social media</subfield>
   </datafield>
   <datafield tag="653" ind2=" " ind1=" ">
      <subfield code="a">Sociedad de la información</subfield>
   </datafield>
   <datafield tag="653" ind2=" " ind1=" ">
      <subfield code="a">Contenido generado por el usuario</subfield>
   </datafield>
   <datafield tag="653" ind2=" " ind1=" ">
      <subfield code="a">Tecnologías de la información</subfield>
   </datafield>
   <datafield tag="653" ind2=" " ind1=" ">
      <subfield code="a">Teléfonos inteligentes</subfield>
   </datafield>
   <datafield tag="653" ind2=" " ind1=" ">
      <subfield code="a">Redes de comunicaciones</subfield>
   </datafield>
   <datafield tag="653" ind2=" " ind1=" ">
      <subfield code="a">Information society</subfield>
   </datafield>
   <datafield tag="653" ind2=" " ind1=" ">
      <subfield code="a">Information technologies</subfield>
   </datafield>
   <datafield tag="653" ind2=" " ind1=" ">
      <subfield code="a">Smart phones</subfield>
   </datafield>
   <datafield tag="653" ind2=" " ind1=" ">
      <subfield code="a">Communication networks</subfield>
   </datafield>
   <datafield tag="653" ind2=" " ind1=" ">
      <subfield code="a">Telèfons intel·ligents</subfield>
   </datafield>
   <datafield tag="653" ind2=" " ind1=" ">
      <subfield code="a">Mitjans de comunicació social</subfield>
   </datafield>
   <datafield ind2="0" ind1="0" tag="245">
      <subfield code="a">Modelo en red de los contenidos mediáticos en la era de los dispositivos inteligentes</subfield>
   </datafield>
</record></metadata></record></GetRecord></OAI-PMH>